Suitability of the areas on the Western part of Hainan island for PR 107 (Translation) (Record no. 45872)

MARC details
000 -LEADER
fixed length control field 00389nam a2200133Ia 4500
100 ## - MAIN ENTRY--AUTHOR NAME
Personal name Tung Wu Yun
245 #0 - TITLE STATEMENT
Title Suitability of the areas on the Western part of Hainan island for PR 107 (Translation)
260 ## - PUBLICATION, DISTRIBUTION, ETC. (IMPRINT)
Name of publisher Chinese Journal of Tropical Crops
Year of publication 1982
300 ## - PHYSICAL DESCRIPTION
Number of Pages 45p
700 ## - ADDED ENTRY--PERSONAL NAME
Personal name Ching Hu Tung
700 ## - ADDED ENTRY--PERSONAL NAME
Personal name Wu Li Te
942 ## - ADDED ENTRY ELEMENTS (KOHA)
Koha item type Reprints
Holdings
Withdrawn status Lost status Damaged status Not for loan Home library Current library Date acquired Serial Enumeration / chronology Accession Number Koha item type
      Reprints RRII Library RRII Library 22/12/2021 Volume 3, Issue 2 P1154 Reprints